[Event "Tournoi francophone 016 Groupe H"]
[Site "Skype"]
[Date "????.??.??"]
[Round "1.1"]
[White "Blanchard, Colette"]
[Black "Vervoort, Jean-Louis"]
[Result "0-1"]
[WhiteElo "1000"]
[BlackElo "1273"]
[PlyCount "86"]

1. d4 d5 2. Bf4 Nf6 3. Nf3 Bg4 4. e3 Nc6 5. Be2 Bxf3 6. Bxf3 e6 7. c3 Bd6 8.
Bxd6 Qxd6 9. Nd2 O-O-O 10. O-O h5 11. h3 g5 12. Be2 g4 13. h4 Rhg8 14. g3 e5
15. Nb3 exd4 16. cxd4 Ne4 17. Nc5 Nxg3 18. Qb3 Nxe2+ 19. Kh1 b6 20. Qb5 bxc5
21. dxc5 Qe6 22. Qxe2 Qe4+ 23. Kh2 g3+ 24. fxg3 Qe5 25. Rg1 Rg4 26. Kh3 Rdg8
27. Qf3 Qe6 28. Kh2 Ne5 29. Qf2 R4g6 30. Qf4 Ng4+ 31. Kg2 Rf6 32. Raf1 Rxf4 33.
exf4 Ne3+ 34. Kf2 Nxf1 35. Kxf1 Qh3+ 36. Kf2 Rxg3 37. Rxg3 Qxh4 38. Kf3 Qh1+
39. Kf2 h4 40. Rg1 Qh2+ 41. Rg2 Qxf4+ 42. Kg1 h3 43. Rh2 Qg3+ 0-1

[Event "Tournoi francophone 016 Groupe H"]
[Site "Skype"]
[Date "????.??.??"]
[Round "1.2"]
[White "Porcabeuf, Jean-Marc"]
[Black "Cassano, Mariangela"]
[Result "1-0"]
[WhiteElo "1229"]
[BlackElo "1000"]
[PlyCount "65"]

1. e4 e5 2. Nf3 d6 3. d4 Nd7 4. d5 Be7 5. Nc3 Ngf6 6. Bd3 O-O 7. O-O b6 8. Nb5
a6 9. Na3 Bb7 10. c4 c6 11. Qc2 cxd5 12. exd5 e4 13. Bxe4 Nxe4 14. Qxe4 Nf6 15.
Qc2 Re8 16. Bf4 h6 17. b4 b5 18. Rae1 a5 19. Nxb5 Ba6 20. Nc3 axb4 21. Ne4 Nh5
22. Be3 Qb6 23. Ng3 Bd8 24. Nxh5 g6 25. Ng3 b3 26. axb3 Rb8 27. Bxh6 Qxb3 28.
Rxe8+ Kh7 29. Qd2 Bxc4 30. Nh5 gxh5 31. Bf8 Bb5 32. Qh6+ Kg8 33. Qg7# 1-0

[Event "Tournoi francophone 016 Groupe H"]
[Site "Skype"]
[Date "????.??.??"]
[Round "1.3"]
[White "Gagnon, Sindy"]
[Black "Moraga Vasquez, Michael"]
[Result "0-1"]
[WhiteElo "1000"]
[BlackElo "1136"]
[PlyCount "62"]

1. e4 e5 2. Nf3 Nc6 3. Nc3 Nf6 4. d4 Bb4 5. Be3 O-O 6. dxe5 Nxe4 7. Nd2 Nxc3 8.
bxc3 Bxc3 9. Bd3 Nxe5 10. Be2 Bxa1 11. Qxa1 d6 12. a4 Re8 13. a5 a6 14. Qd4 Bf5
15. Qd5 c6 16. Qb3 Qxa5 17. Bh5 Be6 18. Qxb7 Rab8 19. Qa7 Qa1+ 20. Ke2 Qxh1 21.
Ne4 Bg4+ 22. Bxg4 Nxg4 23. Nxd6 Rxe3+ 24. fxe3 Qxg2+ 25. Kd3 Qf1+ 26. Kd4 Rd8
27. Kc5 Qf3 28. Nb7 Qxe3+ 29. Kb4 Qxa7 30. Nxd8 Qb6+ 31. Ka4 Qxd8 0-1

[Event "Tournoi francophone 016 Groupe H"]
[Site "Skype"]
[Date "????.??.??"]
[Round "1.4"]
[White "Prieto, Jairo Ovidio"]
[Black "Lognos, Lina"]
[Result "1-0"]
[WhiteElo "1084"]
[BlackElo "1000"]
[PlyCount "57"]

1. d4 Nf6 2. Nc3 d6 3. e4 g6 4. Nf3 Bg7 5. h3 O-O 6. Bc4 e6 7. Bg5 Nbd7 8. e5
dxe5 9. dxe5 h6 10. exf6 hxg5 11. fxg7 Kxg7 12. Qd4+ Nf6 13. Qxd8 Rxd8 14. Nxg5
a6 15. Rd1 Re8 16. O-O b5 17. Be2 Bb7 18. Rd2 Kh6 19. Nxf7+ Kg7 20. Ne5 b4 21.
Na4 Ne4 22. Rd7+ Kf6 23. Ng4+ Kg5 24. g3 Bc6 25. Rh7 Bxa4 26. h4+ Kf5 27. Rf7+
Nf6 28. Rxf6+ Ke4 29. Bf3+ 1-0

[Event "Tournoi francophone 016 Groupe H"]
[Site "Skype"]
[Date "????.??.??"]
[Round "1.5"]
[White "Schnell, Nicolas"]
[Black "Dib, Catherine"]
[Result "0-1"]
[WhiteElo "1000"]
[BlackElo "1052"]
[PlyCount "90"]

1. e4 c5 2. Bc4 e6 3. Nf3 d6 4. d3 Nf6 5. Bb5+ Nbd7 6. Ng5 h6 7. Qh5 g6 8. Qf3
Bg7 9. e5 dxe5 10. Nh3 O-O 11. Ng1 a6 12. Ba4 Rb8 13. Ne2 b5 14. Bb3 Bb7 15.
Qe3 e4 16. d4 Qc7 17. Nf4 Nd5 18. Bxd5 Bxd5 19. Nc3 cxd4 20. Qe2 dxc3 21. Nxd5
exd5 22. b3 Nc5 23. O-O a5 24. Ba3 Rfd8 25. f4 b4 26. Bc1 d4 27. Qf2 Qe7 28. f5
e3 29. Qg3 e2 30. Re1 d3 31. fxg6 d2 32. gxf7+ Qxf7 33. Bxd2 Rxd2 34. Qf2 Bd4
35. Rf1 Ne4 36. h3 Bxf2+ 37. Kh2 Bg3+ 38. Kg1 exf1=Q+ 39. Rxf1 Rf2 40. Re1 Rxc2
41. Rf1 Rf2 42. Re1 Rxa2 43. Rf1 Bf2+ 44. Rxf2 Qxf2+ 45. Kh2 Qxg2# 0-1

[Event "Tournoi francophone 016 Groupe H"]
[Site "Skype"]
[Date "????.??.??"]
[Round "1.6"]
[White "Coude, Josue"]
[Black "Somers, Luc"]
[Result "0-1"]
[WhiteElo "1043"]
[BlackElo "1000"]
[PlyCount "70"]

1. d4 d5 2. Bf4 c5 3. Nf3 Nc6 4. e3 Bg4 5. c3 Nf6 6. h3 Bh5 7. Qc2 Bxf3 8. gxf3
e6 9. Bg2 cxd4 10. cxd4 Qa5+ 11. Nc3 Nb4 12. Qe2 a6 13. O-O Be7 14. a3 Nc6 15.
Rac1 O-O 16. Rfd1 Rac8 17. Rd2 Nd7 18. Rdc2 Rfe8 19. Na2 Bf6 20. Qd3 e5 21.
dxe5 Bxe5 22. Qf5 Re7 23. Bg5 f6 24. Bh4 d4 25. f4 d3 26. Rc4 d2 27. Rd1 Nb6
28. Re4 g6 29. Qg4 Bxb2 30. Rxe7 Nxe7 31. Bxf6 Bxf6 32. Bxb7 Rc2 33. Qe2 Rxa2
34. Rxd2 Qxd2 35. Qxd2 Rxd2 0-1

[Event "Tournoi francophone 016 Groupe H"]
[Site "Skype"]
[Date "????.??.??"]
[Round "1.7"]
[White "Trapletti, Cosetta"]
[Black "Hampton, Irene"]
[Result "0-1"]
[WhiteElo "1000"]
[BlackElo "1003"]
[PlyCount "82"]

1. d4 d5 2. e3 Bf5 3. c4 c6 4. Nc3 Nf6 5. Nf3 e6 6. a3 Nbd7 7. Bd3 Bg6 8. O-O
Bd6 9. b4 O-O 10. Bd2 Nb6 11. c5 Nc4 12. Bc1 Bc7 13. Qc2 Qe7 14. Re1 e5 15.
dxe5 Nxe5 16. Qe2 Bh5 17. e4 Neg4 18. Rb1 Rfe8 19. g3 a6 20. Bf4 Bxf4 21. gxf4
dxe4 22. Nxe4 Nd5 23. Qd2 Qe6 24. Neg5 Qf6 25. Bxh7+ Kf8 26. Rxe8+ Rxe8 27. b5
cxb5 28. h3 Nxf4 29. hxg4 Bxg4 30. c6 bxc6 31. Qb4+ Re7 32. Qb3 g6 33. Qd3 Nxd3
34. Rd1 Nf4 35. Rd8+ Kg7 36. Rg8+ Kh6 37. Kh2 Kh5 38. Nh4 Ne2 39. Bxg6+ fxg6
40. Nxg6 Qxf2+ 41. Kh1 Qg1# 0-1

[Event "Tournoi francophone 016 Groupe H"]
[Site "Skype"]
[Date "????.??.??"]
[Round "2.1"]
[White "Vervoort, Jean-Louis"]
[Black "Prieto, Jairo Ovidio"]
[Result "0-1"]
[WhiteElo "1273"]
[BlackElo "1084"]
[PlyCount "70"]

1. d4 d5 2. Bf4 Nc6 3. Nf3 Bg4 4. Nbd2 e6 5. e3 Bd6 6. Bg3 Nf6 7. c3 Ne4 8.
Bxd6 Bxf3 9. gxf3 Nxd2 10. Qxd2 Qxd6 11. O-O-O a6 12. e4 dxe4 13. fxe4 Rd8 14.
Qc2 Qf4+ 15. Kb1 O-O 16. Bd3 Ne7 17. e5 g6 18. h4 h5 19. Rde1 Rd7 20. Re4 Qh6
21. Rg1 Rfd8 22. Rg5 Nf5 23. Be2 Nxh4 24. Bxh5 Qxg5 25. Be2 Nf5 26. Rg4 Qh6 27.
Qe4 c5 28. Rg1 cxd4 29. Rh1 Qg5 30. Bg4 dxc3 31. Bxf5 Rd1+ 32. Rxd1 Rxd1+ 33.
Kc2 Qc1+ 34. Kb3 Qxb2+ 35. Kc4 exf5 0-1

[Event "Tournoi francophone 016 Groupe H"]
[Site "Skype"]
[Date "????.??.??"]
[Round "2.2"]
[White "Hampton, Irene"]
[Black "Porcabeuf, Jean-Marc"]
[Result "0-1"]
[WhiteElo "1003"]
[BlackElo "1229"]
[PlyCount "58"]

1. d4 d5 2. Bf4 Nf6 3. Nc3 c6 4. e3 e6 5. Nf3 Nbd7 6. Bd3 Be7 7. a3 O-O 8. Qd2
b6 9. O-O-O Bb7 10. h4 c5 11. e4 dxe4 12. Nxe4 Nxe4 13. Qe1 Nef6 14. Ne5 Nxe5
15. c3 cxd4 16. Bxe5 dxc3 17. Bxc3 Nd5 18. Bxg7 Kxg7 19. h5 b5 20. Qd2 b4 21.
a4 Bc6 22. Bc2 Qd7 23. Rh3 Rac8 24. g4 Bxa4 25. b3 Bxb3 26. Kb2 Bxc2 27. Rg1
Qa4 28. h6+ Kh8 29. g5 Qa3+ 0-1

[Event "Tournoi francophone 016 Groupe H"]
[Site "Skype"]
[Date "????.??.??"]
[Round "2.3"]
[White "Moraga Vasquez, Michael"]
[Black "Dida, Brahim"]
[Result "1-0"]
[WhiteElo "1136"]
[BlackElo "1000"]
[PlyCount "23"]

1. e4 e5 2. Nf3 Nf6 3. Nc3 c6 4. Bc4 d5 5. exd5 cxd5 6. Bb5+ Nbd7 7. Nxe5 a6 8.
Bxd7+ Qxd7 9. Nxd7 Nxd7 10. Qe2+ Be7 11. Nxd5 f6 12. Qxe7# 1-0

[Event "Tournoi francophone 016 Groupe H"]
[Site "Skype"]
[Date "????.??.??"]
[Round "2.4"]
[White "Somers, Luc"]
[Black "Schnell, Nicolas"]
[Result "1-0"]
[WhiteElo "1000"]
[BlackElo "1000"]
[PlyCount "67"]

1. d4 Nf6 2. Bf4 Nc6 3. d5 Nb8 4. c4 Na6 5. Nc3 Nc5 6. Nf3 e6 7. Qc2 c6 8. d6
g6 9. a3 h6 10. b4 Na6 11. c5 b6 12. Ne5 bxc5 13. bxc5 Nxc5 14. Nxg6 Rg8 15.
Nxf8 Rg4 16. Bxh6 e5 17. h4 e4 18. Bg5 Ne6 19. Nxe6 dxe6 20. Nxe4 Qb6 21. Nxf6+
Kf8 22. Bh6+ Rg7 23. Bxg7+ Kxg7 24. Nh5+ Kg8 25. Qc3 f6 26. Nxf6+ Kf7 27. h5 e5
28. h6 Qd8 29. h7 Qxf6 30. h8=Q Qf4 31. Rh7+ Kg6 32. Qg7+ Kf5 33. Rh5+ Ke4 34.
Qc4# 1-0

[Event "Tournoi francophone 016 Groupe H"]
[Site "Skype"]
[Date "????.??.??"]
[Round "2.5"]
[White "Dib, Catherine"]
[Black "Coude, Josue"]
[Result "0-1"]
[WhiteElo "1052"]
[BlackElo "1043"]
[PlyCount "42"]

1. Nf3 d5 2. g3 Bf5 3. Bg2 Nf6 4. d4 e6 5. O-O Bd6 6. Nbd2 Nc6 7. Re1 O-O 8. c4
b6 9. b3 Bb4 10. a3 Bxd2 11. Nxd2 Nxd4 12. Bb2 Nc2 13. e4 Nxe1 14. Qxe1 dxe4
15. Nxe4 Nxe4 16. Bxe4 Bxe4 17. Qxe4 h6 18. Qg4 g5 19. Qh5 Kh7 20. Re1 Qd2 21.
Bc1 Qxe1+ 0-1

[Event "Tournoi francophone 016 Groupe H"]
[Site "Skype"]
[Date "????.??.??"]
[Round "2.6"]
[White "Lognos, Lina"]
[Black "Blanchard, Colette"]
[Result "1/2-1/2"]
[WhiteElo "1000"]
[BlackElo "1000"]
[PlyCount "77"]

1. c4 e5 2. Nc3 Nf6 3. Nf3 d6 4. d3 Bf5 5. g3 Nbd7 6. Bg2 h6 7. O-O Be7 8. Nd2
c6 9. Nde4 Nxe4 10. Bxe4 Be6 11. b4 O-O 12. a4 a6 13. b5 Qc7 14. bxc6 bxc6 15.
Rb1 Rab8 16. Be3 Rxb1 17. Nxb1 c5 18. Nc3 Nf6 19. Nd5 Qd8 20. Nxe7+ Qxe7 21.
Bg2 Ng4 22. Qd2 Nxe3 23. Qxe3 Rb8 24. Qe4 g6 25. Qc6 a5 26. Qa6 Qc7 27. Qc6
Qxc6 28. Bxc6 Rb2 29. Re1 f5 30. h4 h5 31. e4 Kg7 32. Kf1 Kh6 33. Re2 Rb1+ 34.
Re1 Rxe1+ 35. Kxe1 g5 36. hxg5+ Kxg5 37. f3 f4 38. Kf2 h4 39. gxh4+ 1/2-1/2

[Event "Tournoi francophone 016 Groupe H"]
[Site "Skype"]
[Date "????.??.??"]
[Round "2.7"]
[White "Cassano, Mariangela"]
[Black "Gagnon, Sindy"]
[Result "0-1"]
[WhiteElo "1000"]
[BlackElo "1000"]
[PlyCount "70"]

1. d4 d5 2. Bf4 c6 3. e3 Nd7 4. Nf3 b6 5. Bd3 g6 6. O-O Bg7 7. c3 e6 8. Nbd2
Ne7 9. Bg3 O-O 10. e4 e5 11. b3 exd4 12. cxd4 c5 13. b4 cxd4 14. exd5 Nxd5 15.
Bc4 Nxb4 16. Bd5 Nxd5 17. Qb3 Bb7 18. a4 Re8 19. Rfe1 Rf8 20. Rac1 Nc5 21. Qc2
d3 22. Qc4 Ba6 23. Qc2 dxc2 24. Rxc2 Qf6 25. Ne4 Nxe4 26. Rxe4 Qa1+ 27. Rc1
Qxc1+ 28. Ne1 Rad8 29. Bh4 Rd6 30. Be7 Nc3 31. Bxd6 Rd8 32. Bc7 Rd1 33. Re8+
Bf8 34. Re6 Rxe1+ 35. Rxe1 Qxe1# 0-1

[Event "Tournoi francophone 016 Groupe H"]
[Site "Skype"]
[Date "????.??.??"]
[Round "3.1"]
[White "Porcabeuf, Jean-Marc"]
[Black "Somers, Luc"]
[Result "0-1"]
[WhiteElo "1229"]
[BlackElo "1000"]
[PlyCount "58"]

1. e4 c5 2. Nf3 Nc6 3. d4 cxd4 4. Nxd4 d6 5. Nc3 Nf6 6. Be2 g6 7. O-O Bg7 8.
Be3 O-O 9. Qd2 Re8 10. Bh6 Nxd4 11. Qxd4 Bxh6 12. Nd5 Nxd5 13. exd5 Bg7 14. Qd2
Bxb2 15. Rab1 Be5 16. Rb3 e6 17. c4 a6 18. Bf3 Rb8 19. h3 b5 20. cxb5 Rxb5 21.
Rd3 Bb7 22. dxe6 Rxe6 23. Bg4 Re8 24. h4 h5 25. Rh3 hxg4 26. Rh1 g3 27. fxg3
Bxg3 28. h5 Qb6+ 29. Rf2 Rb1+ 0-1

[Event "Tournoi francophone 016 Groupe H"]
[Site "Skype"]
[Date "????.??.??"]
[Round "3.2"]
[White "Prieto, Jairo Ovidio"]
[Black "Moraga Vasquez, Michael"]
[Result "1-0"]
[WhiteElo "1084"]
[BlackElo "1136"]
[PlyCount "59"]

1. d4 Nf6 2. c4 g6 3. Bg5 Bg7 4. Bxf6 exf6 5. e4 d6 6. Nc3 O-O 7. Nf3 f5 8. Bd3
Re8 9. O-O fxe4 10. Bxe4 Nc6 11. a3 a6 12. Re1 Bg4 13. Qd3 Bxf3 14. Bxf3 Nxd4
15. Rxe8+ Qxe8 16. Nd5 Nxf3+ 17. Qxf3 c6 18. Nc7 Qc8 19. Nxa8 Qxa8 20. Rb1 Qe8
21. Kf1 b5 22. cxb5 axb5 23. Re1 Qd7 24. b3 h5 25. Qe4 d5 26. Qe8+ Qxe8 27.
Rxe8+ Kh7 28. Rc8 Bb2 29. a4 d4 30. Ke2 1-0

[Event "Tournoi francophone 016 Groupe H"]
[Site "Skype"]
[Date "????.??.??"]
[Round "3.3"]
[White "Dida, Brahim"]
[Black "Vervoort, Jean-Louis"]
[Result "0-1"]
[WhiteElo "1000"]
[BlackElo "1273"]
[PlyCount "74"]

1. e4 e5 2. Nc3 Bb4 3. Nf3 d6 4. Bb5+ Bd7 5. Bxd7+ Qxd7 6. O-O Bxc3 7. bxc3 Nf6
8. d3 Nc6 9. Bg5 O-O 10. Rb1 b6 11. a4 a5 12. h3 Qe6 13. Bh4 Rad8 14. Ng5 Qe7
15. d4 Rd7 16. dxe5 dxe5 17. Qe2 Rfd8 18. Qb5 Na7 19. Qc4 Nc8 20. Bg3 h6 21.
Nf3 Qe6 22. Qxe6 fxe6 23. Nxe5 Rd2 24. Nc6 R8d7 25. Bxc7 Rxc7 26. Nd4 Nxe4 27.
Nxe6 Rcd7 28. Rbe1 Nxc3 29. Nf4 g5 30. Re8+ Kf7 31. Rxc8 Nxa4 32. Nh5 Kg6 33.
Ng3 Nb2 34. Rb8 Nc4 35. Rb1 R7d6 36. Ne4 Rd1+ 37. Rxd1 Rxd1+ 0-1

[Event "Tournoi francophone 016 Groupe H"]
[Site "Skype"]
[Date "????.??.??"]
[Round "3.4"]
[White "Gagnon, Sindy"]
[Black "Dib, Catherine"]
[Result "0-1"]
[WhiteElo "1000"]
[BlackElo "1052"]
[PlyCount "32"]

1. e4 c5 2. c3 Nf6 3. d3 d6 4. Be3 Nbd7 5. d4 cxd4 6. cxd4 g6 7. e5 dxe5 8.
dxe5 Nxe5 9. Be2 Bg7 10. Qc2 O-O 11. b4 b6 12. a4 Bb7 13. f3 Ned7 14. Qc3 Nd5
15. Qc4 Bxa1 16. f4 Nxe3 0-1

[Event "Tournoi francophone 016 Groupe H"]
[Site "Skype"]
[Date "????.??.??"]
[Round "3.5"]
[White "Coude, Josue"]
[Black "Trapletti, Cosetta"]
[Result "1-0"]
[WhiteElo "1043"]
[BlackElo "1000"]
[PlyCount "81"]

1. d4 d5 2. Bf4 Bf5 3. Nf3 e6 4. e3 c5 5. c4 Nf6 6. Be2 Be7 7. Nc3 O-O 8. Ne5
Bd6 9. a3 Nbd7 10. Nxd7 Qxd7 11. Bxd6 Qxd6 12. b4 Ne4 13. Nxe4 Bxe4 14. O-O b6
15. bxc5 bxc5 16. dxc5 Qxc5 17. Bd3 Rad8 18. cxd5 exd5 19. f3 Bg6 20. Re1 Qe7
21. Qe2 Qg5 22. f4 Qh6 23. f5 Bh5 24. g4 Bxg4 25. Qxg4 f6 26. Re2 Rde8 27. Rg2
g5 28. Qd4 Re5 29. h4 g4 30. Rxg4+ Kh8 31. e4 Rg8 32. Rxg8+ Kxg8 33. exd5 Qg7+
34. Kf2 h6 35. Rg1 Rxf5+ 36. Bxf5 Kh8 37. Rxg7 Kxg7 38. d6 Kf8 39. d7 Kg7 40.
d8=Q h5 41. Q4xf6# 1-0

[Event "Tournoi francophone 016 Groupe H"]
[Site "Skype"]
[Date "????.??.??"]
[Round "3.6"]
[White "Blanchard, Colette"]
[Black "Hampton, Irene"]
[Result "0-1"]
[WhiteElo "1000"]
[BlackElo "1003"]
[PlyCount "80"]

1. d4 d5 2. Bf4 Bf5 3. Nf3 e6 4. e3 Ne7 5. Be2 Ng6 6. Bg3 Bd6 7. Bxd6 cxd6 8.
Nbd2 Nc6 9. c3 O-O 10. Qb3 Rb8 11. O-O Qf6 12. Rac1 h5 13. c4 Nge7 14. Bd3 g6
15. Bxf5 Qxf5 16. cxd5 Nxd5 17. Qxd5 exd5 18. h3 Kg7 19. b3 Rg8 20. Rc3 Kf8 21.
Nh2 h4 22. Ng4 Rh8 23. Re1 Re8 24. f3 a5 25. e4 Nxd4 26. Kf2 Qg5 27. Rd3 Nc2
28. Re2 f5 29. Ne3 Nb4 30. Rd4 Nc6 31. Rxd5 Ne5 32. f4 Qxf4+ 33. Ke1 Rh5 34.
Rxd6 fxe4 35. Ndf1 g5 36. g3 hxg3 37. Nd5 Nf3+ 38. Kd1 Qxd6 39. Rd2 Rxh3 40.
Nde3 Nxd2 0-1

[Event "Tournoi francophone 016 Groupe H"]
[Site "Skype"]
[Date "????.??.??"]
[Round "3.7"]
[White "Schnell, Nicolas"]
[Black "Lognos, Lina"]
[Result "0-1"]
[WhiteElo "1000"]
[BlackElo "1000"]
[PlyCount "136"]

1. e4 c5 2. Nc3 d6 3. Nf3 Nc6 4. Bb5 Bd7 5. Ng5 g6 6. Qf3 Ne5 7. Qe2 a6 8. Ba4
Bxa4 9. Nxa4 b5 10. Nc3 e6 11. d4 cxd4 12. Nb1 h6 13. Nf3 Qb6 14. Nxd4 Qxd4 15.
O-O Nf6 16. Nc3 d5 17. Be3 Qc4 18. Qd2 Nxe4 19. Nxe4 Qxe4 20. Qe2 d4 21. f3
Qxe3+ 22. Qxe3 dxe3 23. f4 e2 24. Rfe1 Nc4 25. b3 Bg7 26. Rac1 Bd4+ 27. Kh1 Bf2
28. Rxe2 Be3 29. Rf1 Nd2 30. Rfe1 Ne4 31. Rxe3 f5 32. g4 O-O 33. gxf5 exf5 34.
R3e2 Rad8 35. Rg1 Kg7 36. Reg2 Rf6 37. Re2 Rfd6 38. Ree1 Rd2 39. h3 Nf2+ 40.
Kg2 Ne4+ 41. Kf3 R8d4 42. c3 Rf2+ 43. Ke3 Rdd2 44. Re2 Rdxe2+ 45. Kd4 Rxf4 46.
Ke5 Rf3 47. h4 h5 48. Kd5 Nxc3+ 49. Kd6 Kf6 50. Rc1 Rxa2 51. b4 Rb2 52. Kc5
Ne4+ 53. Kb6 Rc3 54. Rd1 Rxb4 55. Kxa6 Ra3+ 56. Kb6 Ra8 57. Rc1 Rd4 58. Rc6+
Rd6 59. Kxb5 Rxc6 60. Kxc6 Rd8 61. Kc7 Ke7 62. Kc6 f4 63. Kc7 f3 64. Kc6 f2 65.
Kc7 f1=Q 66. Kb7 Qc1 67. Ka7 Qb1 68. Ka6 Ra8# 0-1

[Event "Tournoi francophone 016 Groupe H"]
[Site "Skype"]
[Date "????.??.??"]
[Round "4.2"]
[White "Vervoort, Jean-Louis"]
[Black "Coude, Josue"]
[Result "1-0"]
[WhiteElo "1273"]
[BlackElo "1043"]
[PlyCount "93"]

1. d4 d5 2. Bf4 Nf6 3. Nd2 Bf5 4. e3 e6 5. Ngf3 c5 6. c3 Nbd7 7. Nh4 Bg6 8.
Nxg6 hxg6 9. Bd3 Qb6 10. Qc2 Bd6 11. Bxd6 Qxd6 12. Nf3 c4 13. Be2 b5 14. O-O
Nb6 15. b3 a6 16. bxc4 Nxc4 17. Bxc4 dxc4 18. Rfb1 Ke7 19. a4 Qc6 20. Rb2 Rhb8
21. h3 Nd7 22. Rb4 f5 23. Rab1 Rb7 24. axb5 axb5 25. Qc1 Rab8 26. Qa3 g5 27.
Rxc4+ Qd6 28. Rcb4 g4 29. hxg4 fxg4 30. Ne5 Nxe5 31. dxe5 Qxe5 32. Rxb5+ Qd6
33. Rxb7+ Rxb7 34. Rxb7+ Kf6 35. Qa8 Qd1+ 36. Kh2 Qd6+ 37. g3 Qc5 38. Qd8+ Kf5
39. Rf7+ Kg6 40. Qg8 Qh5+ 41. Kg1 Kg5 42. Rxg7+ Kf5 43. Qf8+ Ke5 44. Rg5+ Qxg5
45. Qh8+ Ke4 46. Qh7+ Qf5 47. Qxf5+ 1-0

[Event "Tournoi francophone 016 Groupe H"]
[Site "Skype"]
[Date "????.??.??"]
[Round "4.4"]
[White "Moraga Vasquez, Michael"]
[Black "Hampton, Irene"]
[Result "1-0"]
[WhiteElo "1136"]
[BlackElo "1003"]
[PlyCount "47"]

1. e4 c6 2. d3 d5 3. Nd2 dxe4 4. dxe4 e5 5. Ngf3 Nd7 6. Bc4 Nh6 7. O-O Bd6 8.
Nb3 Qf6 9. Re1 O-O 10. Bg5 Qg6 11. h4 Re8 12. Bxh6 Qxh6 13. Ng5 Qg6 14. Bxf7+
Kh8 15. Bxg6 hxg6 16. Qxd6 Rf8 17. Qxg6 Nf6 18. h5 Bg4 19. Re3 Rad8 20. h6 Rd1+
21. Rxd1 Bxd1 22. hxg7+ Kg8 23. gxf8=Q+ Kxf8 24. Qf7# 1-0

[Event "Tournoi francophone 016 Groupe H"]
[Site "Skype"]
[Date "????.??.??"]
[Round "4.5"]
[White "Lognos, Lina"]
[Black "Cassano, Mariangela"]
[Result "1-0"]
[WhiteElo "1000"]
[BlackElo "1000"]
[PlyCount "83"]

1. c4 c5 2. Nf3 Nc6 3. Nc3 d6 4. g3 e5 5. d3 Nf6 6. Bg2 Be7 7. O-O O-O 8. Bg5
h6 9. Bxf6 Bxf6 10. Nd2 Re8 11. Qb3 Be6 12. Qxb7 Rb8 13. Qa6 Qc8 14. Bxc6 Qxa6
15. Nde4 Qxc6 16. Nxf6+ gxf6 17. Ne4 Kh8 18. Nxf6 Re7 19. b3 Kg7 20. Ne4 Bg4
21. f3 Bh3 22. Nf2 Kf8 23. Nxh3 Re6 24. f4 Rf6 25. e3 Rb6 26. Nf2 Rxb3 27. axb3
Qf3 28. Rxa7 Qxe3 29. Ra8+ Kg7 30. Kh1 Qxf4 31. gxf4 Rxf4 32. Kg1 Rg4+ 33. Nxg4
h5 34. Nf6 e4 35. Nxe4 Kg6 36. Ra6 f6 37. Rxd6 Kh7 38. Rfxf6 Kg8 39. Ra6 Kh7
40. Rfc6 Kg8 41. Rc7 Kf8 42. Ra8# 1-0

[Event "Tournoi francophone 016 Groupe H"]
[Site "Skype"]
[Date "????.??.??"]
[Round "4.6"]
[White "Trapletti, Cosetta"]
[Black "Dida, Brahim"]
[Result "0-1"]
[WhiteElo "1000"]
[BlackElo "1000"]
[PlyCount "66"]

1. d4 d5 2. Nf3 f6 3. e3 Nh6 4. c4 dxc4 5. Bxc4 Nc6 6. Nc3 Nf5 7. Qe2 Bd7 8.
Ne4 e6 9. O-O Be7 10. Nc5 O-O 11. Nxb7 Qc8 12. Nc5 Nb4 13. Nxd7 Qxd7 14. Qd3
Nxd3 15. Bd2 Nxb2 16. Bc3 Nxc4 17. Rab1 e5 18. e4 Nxd4 19. Nxd4 exd4 20. Be1 a6
21. f4 Bb4 22. Rxb4 Ne3 23. Rf3 Qd6 24. a3 Nc2 25. e5 Qc5 26. Rb1 d3+ 27. Bf2
Qd5 28. Rc1 d2 29. Rd1 Rab8 30. Rc3 Rb1 31. Rxb1 d1=Q+ 32. Rxd1 Qxd1+ 33. Be1
Qxe1# 0-1

[Event "Tournoi francophone 016 Groupe H"]
[Site "Skype"]
[Date "????.??.??"]
[Round "4.7"]
[White "Blanchard, Colette"]
[Black "Gagnon, Sindy"]
[Result "1-0"]
[WhiteElo "1000"]
[BlackElo "1000"]
[PlyCount "87"]

1. d4 e6 2. Nf3 Nf6 3. Bf4 d6 4. c3 b6 5. e3 c5 6. Be2 Bb7 7. Nbd2 Be7 8. Bb5+
Nbd7 9. O-O Nd5 10. Qe2 Bf6 11. c4 Nb4 12. Rfc1 O-O 13. a3 Nc6 14. b4 e5 15.
Ra2 exf4 16. exf4 Nxd4 17. Nxd4 cxd4 18. f3 a6 19. Ba4 Qc7 20. Ne4 Be7 21. Rd2
a5 22. b5 d5 23. Ng3 dxc4 24. Rxc4 Nc5 25. Rdxd4 Bf6 26. Rd1 h6 27. Bc2 g6 28.
f5 Kg7 29. Ne4 Qe5 30. g4 Rh8 31. Qf2 Be7 32. f4 Qb2 33. Nxc5 bxc5 34. Rc3 Qxc3
35. Rd7 Qa1+ 36. Bd1 Bf6 37. Qc2 Qxa3 38. Rxb7 a4 39. Qd2 Bc3 40. Qd3 Qb2 41.
Qc4 a3 42. Bb3 Rhd8 43. Qxf7+ Kh8 44. Qh7# 1-0

[Event "Tournoi francophone 016 Groupe H"]
[Site "Skype"]
[Date "????.??.??"]
[Round "5.1"]
[White "Vervoort, Jean-Louis"]
[Black "Somers, Luc"]
[Result "0-1"]
[WhiteElo "1273"]
[BlackElo "1000"]
[PlyCount "76"]

1. d4 d5 2. Bf4 Nc6 3. Nf3 Bf5 4. c3 e6 5. e3 a6 6. Nbd2 Nf6 7. Nh4 Bg6 8. Nxg6
hxg6 9. Bd3 Bd6 10. Qb3 b6 11. O-O-O Qd7 12. Bg3 O-O 13. Rdf1 a5 14. f4 a4 15.
Qc2 a3 16. b3 Na5 17. b4 Nb7 18. Bh4 c5 19. dxc5 bxc5 20. bxc5 Nxc5 21. Bxf6
Nxd3+ 22. Qxd3 gxf6 23. h3 Rfc8 24. g4 Bb4 25. Nb1 Rc7 26. Kd2 Ba5 27. h4 Rb8
28. h5 Rb2+ 29. Kc1 Rcb7 30. Nxa3 Rxa2 31. Nb1 Ra1 32. Kc2 Qa4+ 33. Kd2 Qa2+
34. Qc2 Rb2 35. Rc1 Rxc2+ 36. Rxc2 Qb3 37. Rcc1 Ra2+ 38. Kd3 Qc4# 0-1

[Event "Tournoi francophone 016 Groupe H"]
[Site "Skype"]
[Date "????.??.??"]
[Round "5.3"]
[White "Lognos, Lina"]
[Black "Moraga Vasquez, Michael"]
[Result "1-0"]
[WhiteElo "1000"]
[BlackElo "1136"]
[PlyCount "31"]

1. c4 Nf6 2. Nc3 g6 3. Nf3 Bg7 4. d3 d6 5. g3 Nc6 6. Bg2 O-O 7. O-O e5 8. Be3
Re8 9. Qc1 Ng4 10. Bg5 f6 11. h3 fxg5 12. hxg4 Bxg4 13. Nxg5 Nd4 14. Bd5+ Be6
15. Bxe6+ Rxe6 16. Nxe6 1-0

[Event "Tournoi francophone 016 Groupe H"]
[Site "Skype"]
[Date "????.??.??"]
[Round "5.4"]
[White "Hampton, Irene"]
[Black "Dib, Catherine"]
[Result "0-1"]
[WhiteElo "1003"]
[BlackElo "1052"]
[PlyCount "78"]

1. d4 Nf6 2. Bf4 d6 3. e3 g6 4. Nc3 Bg7 5. Bd3 Nbd7 6. h4 O-O 7. Qe2 Qe8 8. e4
e5 9. Be3 a6 10. O-O-O b5 11. a3 Bb7 12. g4 h6 13. g5 Nh5 14. Qd2 exd4 15. gxh6
Bh8 16. Bg5 dxc3 17. bxc3 Qc8 18. Re1 d5 19. Be7 Re8 20. Qg5 Ne5 21. Be2 Qd7
22. Bxh5 Rxe7 23. f4 Nc4 24. f5 Qd6 25. Rh3 dxe4 26. Bg4 Bf6 27. Qxg6+ fxg6 28.
h5 gxh5 29. Rxh5 Ne5 30. Bh3 Nc4 31. Ne2 Qd2+ 32. Kb1 Qxe1+ 33. Ka2 Qxe2 34.
Kb3 Bd4 35. Rg5+ Kf7 36. h7 Bh8 37. Bg4 Qe1 38. Bh5+ Kf6 39. Rg3 Qb1# 0-1

[Event "Tournoi francophone 016 Groupe H"]
[Site "Skype"]
[Date "????.??.??"]
[Round "5.5"]
[White "Dida, Brahim"]
[Black "Coude, Josue"]
[Result "0-1"]
[WhiteElo "1000"]
[BlackElo "1043"]
[PlyCount "46"]

1. Nf3 d5 2. e3 Bf5 3. Bb5+ Nc6 4. O-O e6 5. d4 Bd6 6. Nc3 Nf6 7. h3 Qd7 8. Qe2
a6 9. a3 axb5 10. Qxb5 b6 11. Ng5 O-O 12. Ne2 Bxc2 13. Nf4 Bxf4 14. exf4 h6 15.
Re1 hxg5 16. b4 g4 17. hxg4 Nxg4 18. a4 Rfd8 19. Ra2 Bf5 20. f3 Nf6 21. a5 Nxd4
22. Qxd7 Nxd7 23. Rxe6 fxe6 0-1

[Event "Tournoi francophone 016 Groupe H"]
[Site "Skype"]
[Date "????.??.??"]
[Round "5.6"]
[White "Gagnon, Sindy"]
[Black "Trapletti, Cosetta"]
[Result "0-1"]
[WhiteElo "1000"]
[BlackElo "1000"]
[PlyCount "72"]

1. e4 e5 2. c3 c5 3. d3 Nc6 4. Be3 d5 5. Nf3 Bd6 6. d4 exd4 7. cxd4 dxe4 8.
Nfd2 cxd4 9. Nxe4 dxe3 10. fxe3 Qh4+ 11. g3 Qxe4 12. Bd3 Qxe3+ 13. Qe2 Qxe2+
14. Kxe2 Nd4+ 15. Kd2 Bb4+ 16. Ke3 Nf5+ 17. Ke2 Nf6 18. a3 O-O 19. axb4 Re8+
20. Kf3 Nd4+ 21. Kg2 Nb3 22. Ra3 Nd4 23. Nd2 b6 24. Kf1 Bb7 25. Rg1 Nf3 26.
Nxf3 Bxf3 27. Kf2 Bg4 28. h3 Bxh3 29. Rh1 Bg4 30. Bb5 Red8 31. Rh4 Rd2+ 32. Ke3
Re2+ 33. Kd3 Rg2 34. Kc3 Rxg3+ 35. Kd4 Be6 36. Bc4 Rxa3 0-1